100 verbes du quotidien en anglais - Statistiques

Statistiques générales
  • Ce quiz a été pris 1 039 fois
  • Le résultat moyen est 77 sur 100
Statistiques - réponses
Hint Réponse % Correct
aimer like / love
100%
aider help
99%
arrêter stop
99%
tuer kill
98%
jouer play
97%
voir see
95%
travailler work
95%
écrire write
95%
venir come
94%
boire drink
94%
sauter jump
94%
apprendre learn
94%
gagner win
94%
devenir become
93%
suivre follow
93%
donner give
93%
aller go
93%
rêver dream
91%
ouvrir open
91%
lire read
91%
acheter buy
90%
changer change
90%
couper cut
90%
rire laugh
90%
regarder look
90%
marcher walk
90%
cuisiner cook
89%
créer create
89%
vivre live
89%
appeler call
88%
payer pay
88%
comprendre understand
88%
construire build
87%
pleurer cry
87%
mourir die
87%
trouver find
87%
fumer smoke
87%
penser think
87%
essayer try
87%
tourner turn
87%
utiliser use
87%
vouloir want
87%
savoir know
86%
s’assoir sit
86%
perdre lose
85%
rencontrer meet
85%
envoyer send
85%
attendre wait
85%
sourire smile
84%
rester stay
83%
montrer show
81%
casser break
80%
expliquer explain
80%
garder keep
80%
remercier thank
80%
ajouter add
79%
demander ask
79%
faire make
79%
pleuvoir rain
79%
enseigner teach
79%
terminer finish
78%
bouger move
78%
croire believe
77%
se souvenir remember
77%
laver wash
77%
regarder watch
77%
nettoyer clean
75%
partir leave
75%
pousser push
75%
parler talk
74%
commencer begin
73%
manquer miss
72%
raconter tell
72%
respirer breath
70%
espérer hope
70%
épeler spell
68%
inclure include
67%
dépenser spend
67%
souhaiter wish
67%
tenir hold
63%
laisser let
63%
considérer consider
62%
offrir offer
62%
mener lead
59%
sembler seem
59%
sentir feel
57%
permettre, autoriser allow
55%
battre beat
55%
apparaitre appear
53%
stationner park
53%
vouloir dire mean
49%
s'habiller dress
46%
atteindre reach
44%
tirer (vers soi) pull
43%
profiter enjoy
38%
s’attendre expect
28%
transporter carry
23%
courber bend
21%
fournir provide
17%
demeurer remain
14%
Aucun quiz correspondant
Distribution des résultats
% des personnes avec chaque résultat
Percentile par nombre de réponses
Votre historique - résultats
Vous n’avez pas pris ce quiz